Expedição à ilha borboleta (Registo nº 1042)

Detalhes MARC
000 -Etiqueta do registo
Cabeçalho 01115nam a2200361 i 4500
005 - Identificador da versão
Campo de controlo 20240813121823.0
010 ## - Número internacional normalizado dos livros (ISBN)
Número (ISBN) 9789722336826
021 ## - Número do Depósito Legal
Código do país PT
Número 274458/08
035 ## - Other System Control Numbers
System Control Number 0001091
100 ## - Dados gerais de processamento
Dados gerais de processamento 20091104d2008 de y0pory5003 ba
102 ## - Pais de publicação ou produção
País de publicação Portugal
101 1# - Língua de publicação
Língua do texto, banda sonora, etc. Português
Língua do documento no original Italiano
106 ## - Campo de dados codificados: material textual
Dados codificados do material textual r
105 ## - Campo de dados codificados: livros
Dados codificados dos livros a z 000fy
215 ## - Descrição física 
Indicação específica da natureza do documento e extensão da espécie 116, [10] p.
Outras indicações físicas il.
Dimensões 19 cm
200 1# - Titulo e menção de responsabilidade
Título próprio Expedição à ilha borboleta
Primeira menção de responsabilidade Geronimo Stilton
Outras menções de responsabilidade il. Larry Keys
-- adapt. Umberto Fizialetti
-- trad. Carlos Grifo Barbo
225 2# - Colecção 
Título próprio da colecção Geronimo Stilton
Indicação de volume 12
205 ## - Menção da edição
Menção da edição 2a ed
210 ## - Publicação, Distribuição, etc. 
Lugar da edição, distribuição, etc. Barcarena
Nome do editor, distribuidor, etc. Presença
Data da publicação, distribuição, etc. 2008
304 ## - Notas relativas a título e menção de responsabilidade 
Texto da nota Tít. orig.: Tutta colpa di un caffè con panna
675 ## - Classificação Decimal Universal (CDU)
Notação 087.5
Edição BN
Língua da edição por
Notação 821.131.1-93"20"
Edição BN
Língua da edição por
Notação 821.131.1-34"20"
Edição BN
Língua da edição por
702 #1 - Nome de autor-pessoa física (responsabilidade secundária)
Número de registo de entrada de autoridade 0001204
Palavra de ordem Babo
Outra parte do nome não tomada para palavra de ordem Carlos Grifo
Datas 1919-
Código de função Tradutor
Número de registo de entrada de autoridade 0001410
Palavra de ordem Fizialetti
Outra parte do nome não tomada para palavra de ordem Umberto
Código de função Adaptador
Número de registo de entrada de autoridade 0001202
Palavra de ordem Keys
Outra parte do nome não tomada para palavra de ordem Larry
Código de função Ilustrador / Técnico de desenho computorizado
700 #1 - Nome de autor-pessoa física (responsabilidade principal)
Número de registo de entrada de autoridade 0001409
Palavra de ordem Stilton
Outra parte do nome não tomada para palavra de ordem Geronimo
Elementos de identificação ou distinção pseud.
900 ## -
-- BIBNAC
-- 20091217
942 ## - Elementos de entrada adicionados (Koha)
Tipo de item no Koha Livro
Exemplares
Situação do levantamento Origin of item (home branch) (coded) Biblioteca de empréstimo Código de barras Cota Circulation type (not for loan) Tipo de documento Nota do exemplar Damaged status
  Biblioteca Escolar Eng. Nuno Mergulhão Biblioteca Escolar Eng. Nuno Mergulhão BENM1899 8EST STI   Livro Sem mensagem